ABC de las relaciones públicas. Todos los secretos y fundamentos de las relaciones públicas, con ejemplos reales
में बचाया:
| मुख्य लेखक: | |
|---|---|
| स्वरूप: | पुस्तक |
| भाषा: | स्पेनिश |
| प्रकाशित: |
Barcelona
Gestión 2000
2004
|
| श्रृंखला: | Colección Universitaria Eserp
|
| विषय: | |
| टैग: |
टैग जोड़ें
कोई टैग नहीं, इस रिकॉर्ड को टैग करने वाले पहले व्यक्ति बनें!
|
MARC
| LEADER | 00000nam a2200000 a 4500 | ||
|---|---|---|---|
| 001 | UCK7829 | ||
| 003 | CL-VaPUC | ||
| 008 | 051216e20040000sp |||||||||||||||||spa|d | ||
| 020 | |a 8480888032 | ||
| 082 | 0 | 4 | |a 659.2 |b BLA |2 21 |
| 100 | 0 | |a Black, Sam |e author |9 497488 | |
| 245 | 1 | 0 | |a ABC de las relaciones públicas. Todos los secretos y fundamentos de las relaciones públicas, con ejemplos reales |
| 300 | |a 227 p | ||
| 942 | |c BK | ||
| 945 | |d 20051216 00:00:00 |a jtorresc | ||
| 260 | |a Barcelona |b Gestión 2000 |c 2004 | ||
| 650 | 0 | |a Relaciones públicas |9 331772 | |
| 650 | 0 | |a Publicidad |9 314572 | |
| 650 | 0 | |a Marketing |9 259324 | |
| 650 | 7 | |a REDES DE COMUNICACION |2 CL-VaPUC |9 373526 | |
| 650 | 0 | |a Empresas |9 255569 | |
| 583 | |a last modification |c 20171011 02:27:51 |k Rodrigo Vera | ||
| 490 | 0 | |a Colección Universitaria Eserp | |
| 999 | |c 315671 |d 315669 | ||
| 952 | |0 0 |1 0 |4 0 |6 659_200000000000000_BLA_2004 |7 0 |8 A |9 389262 |a BIBCUR |b BIBCUR |d 2019-11-22 |i 4192699 |o 659.2 BLA 2004 |p 4192699 |r 2025-04-22 |w 2019-11-22 |y BK |k PER | ||
| 952 | |0 0 |1 0 |4 0 |6 659_200000000000000_BLA_2004 |7 0 |8 A |9 389263 |a BIBCUR |b BIBCUR |d 2019-11-22 |i 4682947 |o 659.2 BLA 2004 |p 4682947 |r 2025-04-22 |w 2019-11-22 |y BK |k PER | ||